[Event "TE.2005.S.02001"]
[Site "IECG"]
[Date "2007.12.08"]
[Round "2"]
[White "Reede, Arvo"]
[Black "Wheeler, James"]
[Result "1/2-1/2"]
[WhiteElo "1087"]
[BlackElo "1988"]
[PlyCount "91"]
[EventDate "2007.??.??"]

1. e4 e5 2. Nf3 Nc6 3. c3 d5 4. Qa4 f6 5. d3 Bc5 6. d4 exd4 7. Bb5 Nge7 8. exd5
Qxd5 9. cxd4 Bb6 10. Nc3 Qd6 11. O-O O-O 12. b3 Qb4 13. Qxb4 Nxb4 14. Ba3 a5
15. Bc4+ Kh8 16. Rae1 Ng6 17. h3 Rd8 18. Bc1 Nc2 19. Rd1 Nxd4 20. Nxd4 Bxd4 21.
Nb5 c5 22. Bb2 Ne5 23. Bxd4 cxd4 24. Rxd4 Rxd4 25. Nxd4 Bd7 26. Bd5 Rb8 27. Rd1
a4 28. bxa4 Bxa4 29. Rc1 g5 30. Rc7 b6 31. g3 h5 32. Ne6 Bd7 33. f4 Bxe6 34.
Bxe6 gxf4 35. gxf4 Nd3 36. f5 Ne5 37. Kg2 h4 38. Ra7 b5 39. Kf1 b4 40. Ke2 Rd8
41. Rb7 Rd3 42. Rxb4 Rxh3 43. a4 Rh2+ 44. Ke3 Rh3+ 45. Ke2 Rh2+ 46. Ke3 1/2-1/2

[Event "TE.2005.S.02002"]
[Site "IECG"]
[Date "2007.12.08"]
[Round "2"]
[White "Speisser, Patrick"]
[Black "Abbey, William"]
[Result "0-1"]
[WhiteElo "2083"]
[BlackElo "1571"]
[PlyCount "48"]
[EventDate "2007.12.08"]
[EventType "tourn (corr)"]
[SourceTitle "OM Corr 202003"]
[Source "Opening Master"]
[SourceDate "2019.05.30"]
[SourceVersion "2"]
[SourceVersionDate "2019.05.30"]
[SourceQuality "1"]

1. e4 e5 2. Nf3 Nc6 3. c3 Nf6 4. d4 d6 5. d5 Nb8 6. Bd3 Nbd7 7. O-O Be7 8. Bc2
O-O 9. c4 c6 10. Nc3 Qc7 11. Be3 Ng4 12. Bd2 Nb6 13. b3 Re8 14. h3 Nf6 15. Be3
h6 16. Qd3 Bd7 17. Rfd1 Bf8 18. Rac1 a5 19. Qd2 c5 20. Nh4 a4 21. Ra1 Qc8 22.
Nf5 Bxf5 23. exf5 e4 24. g4 Nbd7 0-1

[Event "TE.2005.S.02001"]
[Site "IECG"]
[Date "2007.12.08"]
[Round "2"]
[White "Bertel, Michael"]
[Black "Candelario, Jose"]
[Result "1-0"]
[WhiteElo "1808"]
[BlackElo "1360"]
[PlyCount "92"]
[EventDate "2007.??.??"]

1. e4 e5 2. Nf3 Nc6 3. c3 d5 4. d4 dxe4 5. Nxe5 Nxe5 6. dxe5 Qxd1+ 7. Kxd1 Ne7
8. Be3 Bf5 9. Nd2 O-O-O 10. f3 exf3 11. gxf3 Ng6 12. f4 f6 13. exf6 gxf6 14. h4
Bd6 15. Bh3 Bxh3 16. Rxh3 Nxf4 17. Rf3 Ng2 18. Kc2 Rhe8 19. Nc4 Nxe3+ 20. Rxe3
Rxe3 21. Nxe3 Bf4 22. Nd5 Rxd5 23. Rf1 Rd2+ 24. Kb3 Be5 25. Rg1 b5 26. Rg8+ Kd7
27. Rh8 f5 28. Rxh7+ Ke6 29. Rh6+ Bf6 30. Rg6 f4 31. Rg1 f3 32. h5 f2 33. Rf1
Ke5 34. a4 bxa4+ 35. Kxa4 Ke4 36. b4 Kf3 37. c4 Kg2 38. Rxf2+ Kxf2 39. Kb5 Rb2
40. Kc5 Be7+ 41. Kc6 Rxb4 42. Kxc7 Rxc4+ 43. Kd7 a5 44. Kxe7 a4 45. h6 a3 46.
h7 Rc7+ {forfeited} 1-0

[Event "TE.2005.S.02002"]
[Site "IECG"]
[Date "2007.12.08"]
[Round "2"]
[White "Ottenweller, Wolfgang"]
[Black "Pintor, Manuel Abranches"]
[Result "0-1"]
[WhiteElo "1768"]
[BlackElo "2233"]
[PlyCount "104"]
[EventDate "2007.12.08"]
[EventType "tourn (corr)"]
[SourceTitle "OM Corr 202003"]
[Source "Opening Master"]
[SourceDate "2019.05.30"]
[SourceVersion "2"]
[SourceVersionDate "2019.05.30"]
[SourceQuality "1"]

1. e4 e5 2. Nf3 Nc6 3. c3 d5 4. Qa4 f6 5. Bb5 Nge7 6. d3 Be6 7. Be3 a6 8. Bxc6+
Nxc6 9. O-O Qd7 10. Nbd2 dxe4 11. dxe4 Qd3 12. Rac1 Be7 13. c4 O-O 14. Rfd1
Rfd8 15. Ne1 Qe2 16. Nef3 b5 17. cxb5 axb5 18. Qc2 Nb4 19. Qxc7 Bd6 20. Qb6 Nd3
21. Rb1 Bxa2 22. Ra1 Rab8 23. Qa7 Be6 24. b3 Rd7 25. Qa2 Bb4 26. Qb1 Bc3 27.
Ra3 Nb4 28. Ra7 Rxa7 29. Bxa7 Ra8 30. Bc5 Ra1 31. Qxa1 Bxa1 32. Rxa1 Nc6 33.
Ra6 Qd1+ 34. Nf1 Bd7 35. N3d2 Qc2 36. Be3 h5 37. Rb6 Na5 38. Rd6 Be8 39. Rd8
Kf7 40. b4 Nc6 41. Rc8 Bd7 42. Rh8 Nxb4 43. Rxh5 Kg8 44. f4 exf4 45. Bxf4 g6
46. Rh6 Kg7 47. e5 g5 48. e6 Bc6 49. Bd6 Qd3 50. Bf8+ Kxf8 51. Rxf6+ Ke7 52.
Rf2 Kxe6 0-1

[Event "TE.2005.S.02001"]
[Site "IECG"]
[Date "2007.12.08"]
[Round "2"]
[White "Sadowski, Marek"]
[Black "Bertel, Michael"]
[Result "1-0"]
[WhiteElo "2040"]
[BlackElo "1808"]
[PlyCount "91"]
[EventDate "2007.??.??"]
[SourceTitle "OM Corr 202003"]
[Source "Opening Master"]
[SourceDate "2019.05.30"]
[SourceVersion "2"]
[SourceVersionDate "2019.05.30"]
[SourceQuality "1"]

1. e4 e5 2. Nf3 Nc6 3. c3 d5 4. Qa4 Bd7 5. exd5 Nd4 6. Qd1 Nxf3+ 7. Qxf3 Qf6 8.
Be2 O-O-O 9. d3 Qxf3 10. Bxf3 Nf6 11. c4 Bf5 12. Ke2 b5 13. b3 Bc5 14. Be3 Bd4
15. Bxd4 exd4 16. Na3 bxc4 17. bxc4 Nd7 18. Kd2 Nc5 19. Nb5 Bxd3 20. Nxd4 Bxc4
21. Nc6 Bxd5 22. Ne7+ Kb8 23. Nxd5 Rxd5+ 24. Bxd5 Rd8 25. Kc3 Rxd5 26. Kc4 c6
27. Rad1 Rxd1 28. Rxd1 Nb7 29. Rd7 Kc8 30. Re7 a5 31. Kd4 a4 32. g4 Nd8 33. Kc5
g6 34. f4 h6 35. f5 a3 36. Kd6 gxf5 37. gxf5 h5 38. Re8 c5 39. f6 c4 40. Ke7
Kb7 41. Rxd8 Kc7 42. Rd4 Kc6 43. Kxf7 Kc5 44. Rd7 Kb4 45. Ke6 Kc3 46. f7 1-0

[Event "TE.2005.S.02003"]
[Site "IECG"]
[Date "2007.12.08"]
[Round "2"]
[White "Bukharin, Alexey"]
[Black "Malmstroem, Jan"]
[Result "1/2-1/2"]
[WhiteElo "1827"]
[BlackElo "1849"]
[PlyCount "99"]
[EventDate "2007.??.??"]

1. e4 e5 2. Nf3 Nc6 3. c3 d5 4. Qa4 Nf6 5. Nxe5 Bd6 6. Nxc6 bxc6 7. d3 O-O 8.
Be2 Re8 9. Nd2 Bd7 10. Qc2 Qe7 11. O-O Rab8 12. Bf3 Qe5 13. g3 Bg4 14. Bg2 Qh5
15. f3 Be6 16. d4 dxe4 17. Nxe4 Bc4 18. Re1 Bd5 19. Bd2 Qg6 20. b4 Rbd8 21.
Nxf6+ Qxf6 22. Rxe8+ Rxe8 23. Qd3 h6 24. c4 Be6 25. Bc3 Bf5 26. Qd2 Qg6 27. c5
Bf8 28. a3 Bb1 29. a4 Bc2 30. Bf1 Bb3 31. Bd3 Qe6 32. Kg2 Qe3 33. Be4 Rxe4 34.
fxe4 Qxe4+ 35. Kf2 Bd5 36. Qe2 Qg6 37. b5 h5 38. Ke1 Qf5 39. Ba5 Qf6 40. Qf2
Qe7+ 41. Kd2 cxb5 42. axb5 Qd7 43. c6 Qd8 44. Bc3 Bc4 45. Rxa7 Bxb5 46. Qf3 Qd6
47. d5 Bxc6 48. Ra6 Qxd5+ 49. Qxd5 Bxd5 50. Ra5 1/2-1/2

[Event "TE.2005.S.02002"]
[Site "IECG"]
[Date "2007.12.08"]
[Round "2"]
[White "Hlavacek, Ladislav"]
[Black "Pintor, Manuel Abranches"]
[Result "0-1"]
[WhiteElo "1816"]
[BlackElo "2233"]
[PlyCount "112"]
[EventDate "2007.12.08"]
[EventType "tourn (corr)"]
[SourceTitle "OM Corr 202003"]
[Source "Opening Master"]
[SourceDate "2019.05.30"]
[SourceVersion "2"]
[SourceVersionDate "2019.05.30"]
[SourceQuality "1"]

1. e4 e5 2. Nf3 Nc6 3. c3 d5 4. Qa4 f6 5. d3 Be6 6. Be2 Nge7 7. O-O Qd7 8. Be3
g5 9. Nbd2 g4 10. Nh4 d4 11. cxd4 Nxd4 12. Qxd7+ Kxd7 13. Bxd4 exd4 14. f3 gxf3
15. Nhxf3 c5 16. b4 Nc6 17. b5 Nb4 18. e5 Nc2 19. Rac1 Ne3 20. Rf2 f5 21. Ng5
Bxa2 22. Bf3 Kc7 23. Nf1 Bg8 24. Re2 f4 25. e6 h6 26. Nf7 Rh7 27. Nxe3 dxe3 28.
Bd5 Bxf7 29. exf7 Rg7 30. Ra1 Rd8 31. Bc4 h5 32. Rxa7 h4 33. Kf1 Kb6 34. Ra4
Rd7 35. Re1 h3 36. gxh3 Rgxf7 37. Bxf7 Rxf7 38. Re4 Kxb5 39. Re6 Bg7 40. Ke2
f3+ 41. Kxe3 Bd4+ 42. Kd2 Rg7 43. Rf1 Rg2+ 44. Kd1 f2 45. Ke2 Ka5 46. Kf3 Rg7
47. h4 Kb4 48. h5 Rf7+ 49. Ke2 Kc3 50. Rc1+ Kb2 51. Rf1 Kc2 52. Rd6 b5 53. Rxd4
cxd4 54. Rxf2 Re7+ 55. Kf1+ Kxd3 56. Rb2 Kc4 0-1

[Event "TE.2005.S.02005"]
[Site "IECG"]
[Date "2007.12.08"]
[Round "2"]
[White "Gomez-Galan Arense, Joaquin"]
[Black "Gonzalez, Alejandro Raul"]
[Result "0-1"]
[WhiteElo "1898"]
[BlackElo "1888"]
[PlyCount "21"]
[EventDate "2007.12.08"]
[EventType "tourn (corr)"]

1. e4 e5 2. Nf3 Nc6 3. c3 d5 4. Qa4 Nf6 5. Nxe5 Bd6 6. Nxc6 bxc6 7. d3 O-O 8.
Be2 Re8 9. Nd2 Bg4 10. f3 Bd7 11. O-O 0-1

[Event "TE.2005.S.02001"]
[Site "IECG"]
[Date "2007.12.08"]
[Round "2"]
[White "Candelario, Jose"]
[Black "Bertel, Michael"]
[Result "0-1"]
[WhiteElo "1360"]
[BlackElo "1808"]
[PlyCount "93"]
[EventDate "2007.??.??"]

1. e4 e5 2. Nf3 Nc6 3. c3 d5 4. Qa4 Bd7 5. exd5 Nd4 6. Qd1 Nxf3+ 7. Qxf3 Qf6 8.
Be2 O-O-O 9. O-O Qxf3 10. Bxf3 Nf6 11. Re1 e4 12. Bxe4 Nxe4 13. Rxe4 Bf5 14.
Re3 Rxd5 15. d4 Bd6 16. Nd2 c5 17. Nf3 Rd8 18. Bd2 Bf4 19. Re2 Bd3 20. Re7 Bxd2
21. Nxd2 cxd4 22. cxd4 Rxd4 23. Nf3 R4d7 24. Rxd7 Rxd7 25. Ne5 Rd5 26. f4 Be4
27. Rc1+ Kb8 28. Kf2 g5 29. g3 Bf5 30. Ke3 f6 31. Nf3 Rd3+ 32. Ke2 gxf4 33.
gxf4 Rd6 34. Kf2 Be6 35. b3 Bg4 36. Kg3 Bxf3 37. Kxf3 Rd2 38. a4 Rd3+ 39. Kg4
Rxb3 40. Rc5 Rb4 41. a5 b6 42. axb6 Rxb6 43. Rh5 Rb7 44. Rh6 a5 45. Rxf6 a4 46.
Ra6 Ra7 47. Rb6+ {forfeited} 0-1

[Event "TE.2005.S.02001"]
[Site "IECG"]
[Date "2007.12.08"]
[Round "2"]
[White "Candelario, Jose"]
[Black "Pedro, Fernando Pablo"]
[Result "1/2-1/2"]
[WhiteElo "1360"]
[BlackElo "1963"]
[PlyCount "113"]
[EventDate "2007.??.??"]

1. e4 e5 2. Nf3 Nc6 3. c3 Nf6 4. d4 exd4 5. e5 Nd5 6. cxd4 Bb4+ 7. Bd2 Bxd2+ 8.
Nbxd2 d6 9. Qb3 Be6 10. Qxb7 Ncb4 11. Qb5+ Kf8 12. Qa4 Bd7 13. Qa5 Nc2+ 14. Kd1
Nxa1 15. Qxd5 Be6 16. Qe4 Bxa2 17. Qe3 Qd7 18. Qa3 Qe6 19. Bd3 Re8 20. Qxa7
Bb3+ 21. Ke2 Nc2 22. Nxb3 Qxb3 23. Qxc7 Nxd4+ 24. Nxd4 Qxb2+ 25. Nc2 Qxe5+ 26.
Ne3 g6 27. Rb1 Re7 28. Qb6 Kg7 29. g3 Rc8 30. Kf1 Rec7 31. Kg2 Rc1 32. Rxc1
Rxc1 33. Qb7 Qc5 34. Be4 Qc8 35. Qa7 Qc5 36. Qd7 Qc7 37. Qg4 Qc8 38. Qf4 Qe6
39. Bd5 Qf6 40. Qxf6+ Kxf6 41. Kf3 Ke7 42. Kf4 Kf6 43. h4 h5 44. f3 Ra1 45. Bc4
Ra4 46. Ke4 Ke7 47. g4 hxg4 48. fxg4 f5+ 49. gxf5 gxf5+ 50. Kxf5 d5 51. Nxd5+
Kf8 52. Nb6 Rb4 53. Nd7+ Kg7 54. Ne5 Ra4 55. h5 Ra5 56. Bd3 Rxe5+ 57. Kxe5
1/2-1/2

[Event "TE.2005.S.02002"]
[Site "IECG"]
[Date "2007.12.08"]
[Round "2"]
[White "Pintor, Manuel"]
[Black "Pott, Brian"]
[Result "1-0"]
[WhiteElo "2233"]
[BlackElo "1941"]
[PlyCount "87"]
[EventDate "2007.12.08"]
[EventType "tourn (corr)"]
[SourceTitle "OM Corr 202003"]
[Source "Opening Master"]
[SourceDate "2019.05.30"]
[SourceVersion "2"]
[SourceVersionDate "2019.05.30"]
[SourceQuality "1"]

1. e4 e5 2. Nf3 Nc6 3. c3 Nf6 4. d4 Nxe4 5. d5 Ne7 6. Nxe5 Ng6 7. Qe2 Qe7 8.
Qxe4 Qxe5 9. Qxe5+ Nxe5 10. Nd2 d6 11. Nc4 Nxc4 12. Bxc4 Be7 13. Be3 Bf5 14.
Ke2 Kd7 15. Bd3 Bxd3+ 16. Kxd3 Rhe8 17. Bd4 c6 18. dxc6+ bxc6 19. c4 a5 20.
Rhe1 Bf8 21. Rxe8 Rxe8 22. Bc3 a4 23. b3 axb3 24. axb3 d5 25. Ra7+ Ke6 26. f4
dxc4+ 27. Kxc4 h5 28. h3 h4 29. Ra5 c5 30. f5+ Kxf5 31. b4 Rc8 32. b5 Rb8 33.
Bd2 Be7 34. Be3 Ke6 35. Bxc5 Bxc5 36. Kxc5 Rc8+ 37. Kb6 Kd5 38. Kb7 Rc5 39. Ka6
Rc2 40. b6+ Kc6 41. Ka7 Rb2 42. Ra1 g5 43. Rc1+ Kd6 44. b7 1-0

[Event "TE.2005.S.02001"]
[Site "IECG"]
[Date "2007.12.08"]
[Round "2"]
[White "Sadowski, Marek"]
[Black "Pedro, Fernando Pablo"]
[Result "1-0"]
[WhiteElo "2040"]
[BlackElo "1963"]
[PlyCount "121"]
[EventDate "2007.??.??"]
[SourceTitle "OM Corr 202003"]
[Source "Opening Master"]
[SourceDate "2019.05.30"]
[SourceVersion "2"]
[SourceVersionDate "2019.05.30"]
[SourceQuality "1"]

1. e4 e5 2. Nf3 Nc6 3. c3 d5 4. Qa4 Qd6 5. exd5 Qxd5 6. d4 Bd7 7. Qc4 Qxc4 8.
Bxc4 exd4 9. cxd4 Nf6 10. O-O Be7 11. Nc3 Na5 12. Bd3 Be6 13. Re1 O-O-O 14. Ng5
Rxd4 15. Bc2 Bb4 16. Nxe6 fxe6 17. Rxe6 Nc4 18. g3 Rhd8 19. Kg2 a6 20. Ne2 R4d5
21. Bb3 Rc5 22. Re7 Rd7 23. Rxd7 Kxd7 24. a3 Ba5 25. Nf4 b5 26. Nd3 Rd5 27. Bc2
g6 28. Ra2 Ne5 29. Nxe5+ Rxe5 30. b4 Bb6 31. Bb3 Re1 32. Rd2+ Ke8 33. Rc2 Ne4
34. Bf4 c5 35. Be3 c4 36. Bxb6 cxb3 37. Rb2 Nd6 38. Rxb3 Nc4 39. Bc5 Kf7 40. a4
bxa4 41. Rc3 a3 42. Rxc4 a2 43. Bd4 a1=Q 44. Rc7+ Kg8 45. Rg7+ Kh8 46. Bxa1
Rxa1 47. Rb7 a5 48. Ra7 a4 49. Kf3 a3 50. Kf4 Ra2 51. f3 Rxh2 52. Ke5 h6 53.
Kf6 Rh5 54. Rxa3 Rb5 55. Rb3 Kh7 56. Ke7 g5 57. Kd7 h5 58. Kc6 Rf5 59. b5 h4
60. gxh4 gxh4 61. b6 1-0

[Event "TE.2005.S.02001"]
[Site "IECG"]
[Date "2007.12.08"]
[Round "2"]
[White "Bertel, Michael"]
[Black "Wheeler, James"]
[Result "1/2-1/2"]
[WhiteElo "1808"]
[BlackElo "1988"]
[PlyCount "97"]
[EventDate "2007.??.??"]
[SourceTitle "OM Corr 202003"]
[Source "Opening Master"]
[SourceDate "2019.05.30"]
[SourceVersion "2"]
[SourceVersionDate "2019.05.30"]
[SourceQuality "1"]

1. e4 e5 2. Nf3 Nc6 3. c3 d5 4. d4 dxe4 5. Nxe5 Nxe5 6. dxe5 Qxd1+ 7. Kxd1 Bf5
8. Be3 Ne7 9. Nd2 Ng6 10. f4 exf3 11. Nxf3 Be7 12. Bc4 Bg4 13. Kc2 Bxf3 14.
gxf3 Nxe5 15. Be2 O-O 16. f4 Ng6 17. Rad1 Rfe8 18. Bf3 Bf6 19. Rhe1 c6 20. Rd7
Re7 21. Rxe7 Bxe7 22. Rd1 Rd8 23. Rxd8+ Bxd8 24. Bxa7 Nxf4 25. b4 Bc7 26. b5
cxb5 27. Bxb7 Ne6 28. Bg1 g5 29. Bc6 g4 30. Bxb5 Ng5 31. Bc6 Nh3 32. Be3 Bxh2
33. a4 Bc7 34. Bh6 g3 35. c4 Nf4 36. Bxf4 Bxf4 37. a5 h5 38. Kd3 Bb8 39. c5 f5
40. a6 Kf7 41. Bg2 Ke7 42. Ke3 Kd7 43. c6+ Kc8 44. Kf3 h4 45. Bh3 Kc7 46. Bxf5
Kxc6 47. Be4+ Kb6 48. Kg4 Kxa6 49. Kxh4 1/2-1/2

[Event "TE.2005.S.02002"]
[Site "IECG"]
[Date "2007.12.08"]
[Round "2"]
[White "Hlavacek, Ladislav"]
[Black "Ottenweller, Wolfgang"]
[Result "1-0"]
[WhiteElo "1816"]
[BlackElo "1768"]
[PlyCount "75"]
[EventDate "2007.12.08"]
[EventType "tourn (corr)"]
[SourceTitle "OM Corr 202003"]
[Source "Opening Master"]
[SourceDate "2019.05.30"]
[SourceVersion "2"]
[SourceVersionDate "2019.05.30"]
[SourceQuality "1"]

1. e4 e5 2. Nf3 Nc6 3. c3 Nf6 4. d4 Nxe4 5. d5 Nb8 6. Bd3 f5 7. Nbd2 Nxd2 8.
Nxd2 d6 9. Qc2 Qf6 10. O-O Be7 11. Nb3 O-O 12. f3 c6 13. c4 cxd5 14. cxd5 b6
15. Be3 Bb7 16. Qd2 f4 17. Bf2 Qf7 18. Rac1 Bxd5 19. Rc7 Bxb3 20. axb3 d5 21.
Rfc1 Rd8 22. Bh4 Nd7 23. Bxe7 Qxe7 24. Bf5 Qf7 25. Qc2 h6 26. Qd3 Kh8 27. b4 a6
28. R1c6 Qe8 29. Rd6 Nf8 30. Rxb6 Qa4 31. Qc3 d4 32. Qe1 Re8 33. h3 Rad8 34.
Qh4 Rd7 35. Bxd7 Nxd7 36. Rd6 Qd1+ 37. Kh2 Qb1 38. Rcxd7 1-0

[Event "TE.2005.S.02001"]
[Site "IECG"]
[Date "2007.12.08"]
[Round "2"]
[White "Wheeler, James"]
[Black "Sadowski, Marek"]
[Result "0-1"]
[WhiteElo "1988"]
[BlackElo "2040"]
[PlyCount "48"]
[EventDate "2007.??.??"]
[SourceTitle "OM Corr 202003"]
[Source "Opening Master"]
[SourceDate "2019.05.30"]
[SourceVersion "2"]
[SourceVersionDate "2019.05.30"]
[SourceQuality "1"]

1. e4 e5 2. Nf3 Nc6 3. c3 d5 4. Qa4 f6 5. Bb5 Nge7 6. exd5 Qxd5 7. Na3 e4 8.
Nd4 Bd7 9. Ndc2 a6 10. Ne3 Qg5 11. h4 Qg6 12. h5 Qg5 13. d4 exd3 14. Bxd3 Ne5
15. Qd1 Nxd3+ 16. Qxd3 O-O-O 17. Qc4 Re8 18. Kf1 Nc6 19. Nac2 Be6 20. Qa4 Bc5
21. Ne1 Ne5 22. Qh4 Rhf8 23. Qxg5 fxg5 24. Kg1 Re7 0-1

[Event "TE.2005.S.02002"]
[Site "IECG"]
[Date "2007.12.08"]
[Round "2"]
[White "Pott, Brian"]
[Black "Speisser, Patrick"]
[Result "0-1"]
[WhiteElo "1941"]
[BlackElo "2083"]
[PlyCount "90"]
[EventDate "2007.12.08"]
[EventType "tourn (corr)"]
[SourceTitle "OM Corr 202003"]
[Source "Opening Master"]
[SourceDate "2019.05.30"]
[SourceVersion "2"]
[SourceVersionDate "2019.05.30"]
[SourceQuality "1"]

1. e4 e5 2. Nf3 Nc6 3. c3 d5 4. Qa4 f6 5. Bb5 Nge7 6. exd5 Qxd5 7. O-O e4 8.
Ne1 Bd7 9. f3 exf3 10. Nxf3 O-O-O 11. d4 a6 12. Be2 g5 13. Na3 Re8 14. Nd2 Ng6
15. Bf3 Qe6 16. Qc4 Qe3+ 17. Kh1 Qe7 18. b4 Nh4 19. Bh5 Be6 20. d5 Ne5 21. Qe4
Bf7 22. Bxf7 Qxf7 23. b5 Nd7 24. Qd3 Qg6 25. Qh3 Re2 26. bxa6 bxa6 27. Nac4 Bc5
28. Nb3 Bf2 29. Qg4 Rhe8 30. Be3 R2xe3 31. Nxe3 Bxe3 32. Qe2 Nf5 33. Qxa6+ Kd8
34. Qa8+ Ke7 35. d6+ Nxd6 36. Qf3 Kf8 37. Rae1 g4 38. Qd5 Re5 39. Qa8+ Kg7 40.
Nd4 Nb6 41. Qc6 Nd5 42. Ne6+ Rxe6 43. Qxd5 Re5 44. Qc6 Nf5 45. Qxc7+ Kh6 0-1

[Event "TE.2005.S.02001"]
[Site "IECG"]
[Date "2007.12.08"]
[Round "2"]
[White "Bertel, Michael"]
[Black "Pedro, Fernando Pablo"]
[Result "0-1"]
[WhiteElo "1808"]
[BlackElo "1963"]
[PlyCount "130"]
[EventDate "2007.??.??"]

1. e4 e5 2. Nf3 Nc6 3. c3 Nf6 4. d4 Nxe4 5. d5 Ne7 6. Nxe5 Ng6 7. Qe2 Qe7 8.
Qxe4 Qxe5 9. Qxe5+ Nxe5 10. Bf4 d6 11. Bb5+ Bd7 12. Bxd7+ Kxd7 13. O-O Nd3 14.
Be3 Nxb2 15. Nd2 Nd3 16. Rab1 b6 17. c4 Re8 18. Rb3 Nc5 19. Ra3 Be7 20. Bd4 Bf6
21. Bxf6 gxf6 22. Rxa7 Re2 23. Nb3 Rc2 24. Nxc5+ dxc5 25. a4 Rxc4 26. a5 Kd6
27. axb6 cxb6 28. Rb7 Rb4 29. Rxf7 Kxd5 30. Rxf6 Rb2 31. Rd1+ Kc4 32. Rc1+ Kb5
33. Rf7 Rc8 34. Rxh7 c4 35. Kf1 Kb4 36. h4 c3 37. Re7 b5 38. h5 c2 39. Ke2 Rb1
40. Kd2 Kb3 41. Rd7 Kb2 42. Rxc2+ Rxc2+ 43. Ke3 Re1+ 44. Kf3 b4 45. h6 b3 46.
g4 Kc1 47. h7 Rc3+ 48. Kg2 Re8 49. Re7 Rh8 50. g5 b2 51. g6 b1=Q 52. Re1+ Kb2
53. Rxb1+ Kxb1 54. g7 Rcc8 55. gxh8=Q Rxh8 56. Kf3 Rxh7 57. Ke4 Re7+ 58. Kd4
Rf7 59. Ke3 Kc2 60. f4 Rf8 61. Ke4 Kd2 62. f5 Ke2 63. Kf4 Kf2 64. Ke5 Kg3 65.
f6 Kg4 0-1

[Event "TE.2005.S.02002"]
[Site "IECG"]
[Date "2007.12.08"]
[Round "2"]
[White "Hlavacek, Ladislav"]
[Black "Pott, Brian"]
[Result "1/2-1/2"]
[WhiteElo "1816"]
[BlackElo "1941"]
[PlyCount "71"]
[EventDate "2007.12.08"]
[EventType "tourn (corr)"]
[SourceTitle "OM Corr 202003"]
[Source "Opening Master"]
[SourceDate "2019.05.30"]
[SourceVersion "2"]
[SourceVersionDate "2019.05.30"]
[SourceQuality "1"]

1. e4 e5 2. Nf3 Nc6 3. c3 Nf6 4. d4 Nxe4 5. d5 Ne7 6. Nxe5 Ng6 7. Nxg6 hxg6 8.
Nd2 Nf6 9. Nf3 Bc5 10. Be2 O-O 11. O-O d6 12. Bg5 Bg4 13. h3 Bxf3 14. Bxf3 Qd7
15. Qd2 Rfe8 16. b4 Bb6 17. Qd3 Re5 18. Bf4 Qf5 19. Qxf5 Rxf5 20. Bd2 Re5 21.
Rfe1 Rae8 22. Rab1 Kf8 23. a4 Rxe1+ 24. Rxe1 Rxe1+ 25. Bxe1 a5 26. Bd2 Ke7 27.
Kf1 Kd8 28. Ke2 Nd7 29. g4 Ne5 30. Be4 Nc4 31. Bc1 Ne5 32. f4 Nd7 33. g5 Ke7
34. Bb2 Kf8 35. Kf3 Kg8 36. Bc2 1/2-1/2

[Event "TE.2005.S.02001"]
[Site "IECG"]
[Date "2007.12.08"]
[Round "2"]
[White "Wheeler, James"]
[Black "Candelario, Jose"]
[Result "1/2-1/2"]
[WhiteElo "1988"]
[BlackElo "1360"]
[PlyCount "69"]
[EventDate "2007.??.??"]
[SourceTitle "OM Corr 202003"]
[Source "Opening Master"]
[SourceDate "2019.05.30"]
[SourceVersion "2"]
[SourceVersionDate "2019.05.30"]
[SourceQuality "1"]

1. e4 e5 2. Nf3 Nc6 3. c3 Nf6 4. d4 Nxe4 5. d5 Ne7 6. Nxe5 Ng6 7. Qd4 Nf6 8.
Be2 Nxe5 9. Qxe5+ Be7 10. O-O O-O 11. Bf3 d6 12. Qg3 Bf5 13. Be3 Nd7 14. Nd2
Ne5 15. Be4 Bh4 16. Qf4 Bxe4 17. Nxe4 h6 18. Ng3 Bg5 19. Qd4 Bxe3 20. fxe3 Re8
21. Rf4 Qd7 22. Raf1 f6 23. Nf5 Qf7 24. c4 a6 25. Qc3 Kh8 26. Rd4 b6 27. h3 a5
28. b3 Kg8 29. a3 Qh5 30. Rdf4 Kh7 31. Nd4 Qg6 32. Rd1 Kg8 33. Kh2 Kh7 34. Nf5
Kg8 35. Nd4 1/2-1/2

[Event "TE.2005.S.02005"]
[Site "IECG"]
[Date "2007.12.08"]
[Round "2"]
[White "Gomez Galan Arense, Joaquin"]
[Black "Law, Steve"]
[Result "0-1"]
[WhiteElo "1898"]
[BlackElo "1720"]
[PlyCount "31"]
[EventDate "2007.12.08"]
[EventType "tourn (corr)"]
[SourceTitle "OM Corr 202003"]
[Source "Opening Master"]
[SourceDate "2019.05.30"]
[SourceVersion "2"]
[SourceVersionDate "2019.05.30"]
[SourceQuality "1"]

1. e4 e5 2. Nf3 Nc6 3. c3 d5 4. Qa4 Bd7 5. exd5 Nd4 6. Qd1 Nxf3+ 7. Qxf3 Nf6 8.
Bc4 e4 9. Qe2 Bd6 10. d4 O-O 11. h3 a6 12. O-O c5 13. dxc6 Bxc6 14. Bg5 Be7 15.
Nd2 Re8 16. Rae1 0-1

[Event "TE.2005.S.02001"]
[Site "IECG"]
[Date "2007.12.08"]
[Round "2"]
[White "Pedro, Fernando Pablo"]
[Black "Reede, Arvo"]
[Result "1-0"]
[WhiteElo "1963"]
[BlackElo "1087"]
[PlyCount "99"]
[EventDate "2007.??.??"]

1. e4 e5 2. Nf3 Nc6 3. c3 d5 4. Qa4 f6 5. d3 Nge7 6. Be3 Bd7 7. Qb3 Be6 8. Be2
Qd6 9. Qa4 a6 10. Na3 O-O-O 11. O-O g5 12. d4 Bd7 13. Bxa6 Nxd4 14. Bb5 Bxb5
15. Nxb5 Qa6 16. Qxa6 Nxf3+ 17. gxf3 bxa6 18. Na3 d4 19. cxd4 exd4 20. Bd2 Ng6
21. Nc4 Nh4 22. Rac1 Nxf3+ 23. Kg2 Nxd2 24. Nxd2 Bd6 25. Rfd1 Rhe8 26. Rc4 Bf4
27. Ra4 Bxd2 28. Rxd2 Rxe4 29. Rxa6 Rf4 30. Ra4 Kb7 31. Rc4 Kb6 32. Rd3 f5 33.
Rb3+ Ka5 34. Rxc7 Ka6 35. Rcb7 Rg4+ 36. Kf3 Rf4+ 37. Ke2 Re8+ 38. Kf1 Re6 39.
Rb8 Ka7 40. a3 Re7 41. R8b5 Ka8 42. R3b4 h5 43. Rd5 Rc7 44. Rbxd4 Rxd4 45. Rxd4
g4 46. Kg2 h4 47. h3 Kb7 48. hxg4 fxg4 49. Rxg4 Rh7 50. Kh3 1-0

[Event "TE.2005.S.02001"]
[Site "IECG"]
[Date "2007.12.08"]
[Round "2"]
[White "Bertel, Michael"]
[Black "Reede, Arvo"]
[Result "0-1"]
[WhiteElo "1808"]
[BlackElo "1087"]
[PlyCount "106"]
[EventDate "2007.??.??"]

1. e4 e5 2. Nf3 Nc6 3. c3 Nf6 4. d4 Nxe4 5. d5 Nb8 6. Nxe5 Qe7 7. Qe2 Qxe5 8.
f3 Qxd5 9. fxe4 Qe6 10. Bf4 Nc6 11. Nd2 Bd6 12. Bxd6 Qxd6 13. Qe3 O-O 14. Nf3
Ne5 15. Nxe5 Qxe5 16. Bc4 b5 17. Bb3 Bb7 18. O-O Bxe4 19. Rf4 Rae8 20. Re1 d5
21. Bxd5 Qxd5 22. Rxe4 Rxe4 23. Qxe4 Qxa2 24. b4 a5 25. bxa5 Qxa5 26. Qc6 b4
27. cxb4 Qxb4 28. Re4 Qb1+ 29. Kf2 Qb6+ 30. Qxb6 cxb6 31. Rb4 Rb8 32. Ke3 f6
33. Kd3 Kf7 34. Kc4 h5 35. Kb5 g5 36. h4 Rc8 37. hxg5 fxg5 38. Rb2 h4 39. Re2
Kg6 40. Kxb6 Kf5 41. Kb5 Kf4 42. Rf2+ Kg4 43. Rd2 Kg3 44. Kb4 g4 45. Kb3 Rf8
46. Kc3 Rf2 47. Rd4 Rxg2 48. Rd3+ Kh2 49. Rd4 h3 50. Kd3 Rg1 51. Ke2 g3 52. Rg4
g2 53. Kd3 Ra1 0-1

[Event "TE.2005.S.02005"]
[Site "IECG"]
[Date "2007.12.08"]
[Round "2"]
[White "Gomez Galan Arense, Joaquin"]
[Black "Buczinski, Henryk"]
[Result "0-1"]
[WhiteElo "1898"]
[BlackElo "2147"]
[PlyCount "36"]
[EventDate "2007.12.08"]
[EventType "tourn (corr)"]
[SourceTitle "OM Corr 202003"]
[Source "Opening Master"]
[SourceDate "2019.05.30"]
[SourceVersion "2"]
[SourceVersionDate "2019.05.30"]
[SourceQuality "1"]

1. e4 e5 2. Nf3 Nc6 3. c3 Nf6 4. d4 exd4 5. e5 Nd5 6. cxd4 d6 7. Bb5 Be7 8. Nc3
Be6 9. O-O a6 10. Bxc6+ bxc6 11. Qa4 Qd7 12. Re1 h6 13. Bd2 O-O 14. Rac1 Rab8
15. b3 Nb4 16. Re3 Rb6 17. a3 Nd5 18. Nxd5 Bxd5 0-1